| 000 | 00361 a2200121 4500 | ||
|---|---|---|---|
| 001 | ART_11864 | ||
| 005 | 20260410161901.0 | ||
| 008 | 260409a | ||
| 245 | 1 | 0 | _aOptimal tax treatment of the family |
| 100 | 1 | _aBoskin, Michael | |
| 700 | 1 | _aSheshinski, Eytan | |
| 773 | 0 |
_tJournal of public economics _g- Vol. 20, NÂș 3 (abr. 1983) _wREV11485 |
|
| 999 |
_c25910 _d25910 |
||